[Event "Vladimir Region-ch op"]
[Site "Suzdal"]
[Date "2010.12.13"]
[Round "7"]
[White "Kornev, Alexei"]
[Black "Savosto, Petr"]
[Result "1/2-1/2"]
[WhiteElo "2507"]
[BlackElo "2239"]
[PlyCount "164"]
[EventDate "2010.12.10"]
[EventType "swiss"]
[EventRounds "9"]
[EventCountry "RUS"]
[SourceTitle "EXT 2023"]
[Source "ChessBase"]
[SourceDate "2022.10.05"]
[SourceVersion "1"]
[SourceVersionDate "2022.10.05"]
[SourceQuality "1"]

1. Nf3 Nf6 2. c4 d6 3. d4 Nbd7 4. Nc3 e5 5. Bg5 Be7 6. e3 0-0 7. Qc2 h6 8. Bh4 c6 9. Bd3 Re8 10. 0-0-0 exd4 11. exd4 Nf8 12. Rhe1 Be6 13. Kb1 Qa5 14. h3 Rab8 15. Qa4 Qxa4 16. Nxa4 b5 17. cxb5 cxb5 18. Nc3 a6 19. Rd2 b4 20. Nd1 Nd5 21. Bg3 a5 22. Rde2 Rbc8 23. Ne3 Nxe3 24. Rxe3 d5 25. Ne5 Bf6 26. a3 bxa3 27. bxa3 Rb8+ 28. Ka2 Rb6 29. Rb1 Rxb1 30. Bxb1 Nd7 31. f4 Nxe5 32. fxe5 Bg5 33. Rc3 Rc8 34. Rxc8+ Bxc8 35. Be1 Be3 36. Bc3 a4 37. Bd3 Bd7 38. Kb2 f6 39. exf6 gxf6 40. Kc2 f5 41. Bb2 Bf2 42. Kd2 Kg7 43. Bc3 Kf6 44. Ke2 Bg1 45. Kf3 h5 46. h4 Kg6 47. Ba6 Kf6 48. Bb7 Ke6 49. Kf4 Bf2 50. g3 Bg1 51. Kf3 Bb5 52. Bc8+ Kf6 53. Bb2 Bd3 54. Bd7 Bc2 55. Bc3 Bd1+ 56. Kf4 Bc2 57. Bb5 Bf2 58. Kf3 Bg1 59. Be2 Kg6 60. Bb2 Kf6 61. Bc3 Kg6 62. Bb5 Kf6 63. Bc6 Bb3 64. Be8 Bd1+ 65. Kf4 Bf2 66. Bb5 Bc2 67. Bf1 Kg6 68. Be2 Bg1 69. Bb5 Kf6 70. Bc6 Bb3 71. Kf3 Ke6 72. Ke2 Bc4+ 73. Ke1 f4 74. gxf4 Kf5 75. Bxa4 Kxf4 76. Bd1 Ke3 77. Bd2+ Kd3 78. Bxh5 Kxd4 79. Be2 Bb3 80. Bd1 Bf2+ 81. Kxf2 Bxd1 82. Kg3 Kc4 1/2-1/2

[Event "Vladimir Region-ch op"]
[Site "Suzdal"]
[Date "2010.12.11"]
[Round "3"]
[White "Gusev, Timofey"]
[Black "Savosto, Petr"]
[Result "0-1"]
[WhiteElo "1777"]
[BlackElo "2239"]
[PlyCount "58"]
[EventDate "2010.12.10"]
[EventType "swiss"]
[EventRounds "9"]
[EventCountry "RUS"]
[SourceTitle "EXT 2023"]
[Source "ChessBase"]
[SourceDate "2022.10.05"]
[SourceVersion "1"]
[SourceVersionDate "2022.10.05"]
[SourceQuality "1"]

1. e4 e6 2. d4 d5 3. exd5 exd5 4. Nf3 Bd6 5. Be3 Nf6 6. Bd3 0-0 7. 0-0 Bg4 8. Nbd2 c6 9. c3 Qc7 10. Qc2 Nbd7 11. Rae1 Rfe8 12. Bg5 Bf4 13. Bxf4 Qxf4 14. h3 Bh5 15. b4 Bg6 16. Bxg6 hxg6 17. a4 Ne4 18. a5 Re6 19. Re3 Rae8 20. Rfe1 g5 21. Nxe4 dxe4 22. Ne5 Nxe5 23. Rxe4 Ng4 24. g3 Rxe4 25. gxf4 Rxe1+ 26. Kg2 R1e2 27. Qb3 Nxf2 28. Kf1 Nd3 29. Qc4 Rf2+ 0-1

[Event "Vladimir op-B"]
[Site "Vladimir"]
[Date "2008.08.22"]
[Round "10.4"]
[White "Savosto, Petr"]
[Black "Volkov, Anton"]
[Result "1-0"]
[WhiteElo "2226"]
[BlackElo "2195"]
[PlyCount "97"]
[EventDate "2008.08.12"]
[EventType "swiss"]
[EventRounds "10"]
[EventCountry "RUS"]
[SourceTitle "EXT 2022"]
[Source "ChessBase"]
[SourceDate "2021.10.06"]
[SourceVersion "1"]
[SourceVersionDate "2021.10.06"]
[SourceQuality "1"]

1. d4 Nf6 2. Nc3 d5 3. Bg5 Nbd7 4. Nf3 e6 5. e3 Be7 6. Bd3 c5 7. 0-0 0-0 8. Ne5 h6 9. Bh4 Nxe5 10. dxe5 Nd7 11. Bxe7 Qxe7 12. f4 c4 13. Be2 f6 14. exf6 Nxf6 15. Qd4 b6 16. e4 Bb7 17. e5 Ne4 18. Nxe4 dxe4 19. Bxc4 Rfd8 20. Qe3 Rac8 21. Bb3 Bd5 22. Rf2 Rc7 23. Bxd5 exd5 24. Rd1 Rc5 25. c3 a5 26. h3 Rc6 27. Rfd2 Rc5 28. Rd4 Kh8 29. Qd2 Rf8 30. Rxd5 Rxd5 31. Qxd5 e3 32. Qd4 e2 33. Re1 Rd8 34. Qf2 Qe6 35. a3 Rd1 36. Qxe2 Rxe1+ 37. Qxe1 b5 38. Qd2 Qf5 39. Qe2 Kg8 40. e6 Kf8 41. Qe5 Qxe5 42. fxe5 Ke7 43. Kf2 Kxe6 44. Ke3 Kxe5 45. b3 Kd5 46. Kd3 h5 47. h4 Kc5 48. c4 bxc4+ 49. bxc4 1-0

[Event "Vladimir op-B"]
[Site "Vladimir"]
[Date "2008.08.18"]
[Round "6"]
[White "Stukalov, Alexander"]
[Black "Savosto, Petr"]
[Result "1/2-1/2"]
[WhiteElo "2305"]
[BlackElo "2226"]
[PlyCount "89"]
[EventDate "2008.08.12"]
[EventType "swiss"]
[EventRounds "10"]
[EventCountry "RUS"]
[SourceTitle "CBM 126 Extra"]
[Source "ChessBase"]
[SourceDate "2008.11.05"]
[SourceVersion "1"]
[SourceVersionDate "2008.11.05"]
[SourceQuality "1"]

1. e4 e6 2. d4 d5 3. exd5 exd5 4. Bd3 Bd6 5. Ne2 Bg4 6. f3 Bh5 7. Bf4 Bg6 8. Nbc3 c6 9. Qd2 Bxd3 10. Qxd3 Qc7 11. Bxd6 Qxd6 12. 0-0-0 Nd7 13. Qe3+ Ne7 14. Qf4 Qxf4+ 15. Nxf4 0-0-0 16. Rhe1 Rde8 17. Nce2 h5 18. Nh3 Nf5 19. Nef4 Kd8 20. c3 Re7 21. Kd2 h4 22. Rxe7 Kxe7 23. Re1+ Kf6 24. Nd3 Nf8 25. Nhf2 Nh6 26. Nc5 b6 27. Ncd3 Ne6 28. Ne5 Rc8 29. Nfd3 c5 30. dxc5 bxc5 31. b4 c4 32. Nd7+ Ke7 33. N3c5 Kd6 34. Nxe6 fxe6 35. Ne5 Nf5 36. Nf7+ Ke7 37. Ng5 Rc6 38. a4 Kf6 39. f4 Ne7 40. Nf3 Nf5 41. Rg1 Rc8 42. Re1 g6 43. Ng5 Re8 44. Nf3 Rc8 45. Ng5 1/2-1/2

[Event "Voronezh op-A 11th"]
[Site "Voronezh"]
[Date "2007.06.20"]
[Round "8"]
[White "Savosto, Petr"]
[Black "Sukhareva, Evgenia"]
[Result "0-1"]
[WhiteElo "2314"]
[BlackElo "2237"]
[PlyCount "110"]
[EventDate "2007.06.12"]
[EventType "swiss"]
[EventRounds "9"]
[EventCountry "RUS"]
[SourceTitle "CBM 118 Extra"]
[Source "ChessBase"]
[SourceDate "2007.07.04"]
[SourceVersion "1"]
[SourceVersionDate "2007.07.04"]
[SourceQuality "1"]

1. d4 Nf6 2. Nc3 d5 3. Bg5 Nbd7 4. Nf3 h6 5. Bh4 e6 6. e4 g5 7. Bg3 Nxe4 8. Nxe4 dxe4 9. Nd2 f5 10. h4 f4 11. Bh2 Nf6 12. c3 Qd5 13. Rg1 Bd7 14. Bc4 Qf5 15. g4 Qh7 16. Qb3 0-0-0 17. Bxe6 Bd6 18. 0-0-0 Rhe8 19. d5 Bc5 20. Qc4 Bxf2 21. hxg5 Bxe6 22. dxe6 hxg5 23. Rh1 Qg6 24. Bg1 e3 25. Bxf2 exd2+ 26. Rxd2 Rxd2 27. Kxd2 Ne4+ 28. Ke2 f3+ 29. Ke3 Nxf2 30. Kxf2 Qc2+ 31. Ke3 Rd8 32. e7 Qd2+ 33. Kxf3 Rd3+ 34. Ke4 Qe2+ 35. Kf5 Qf3+ 36. Kxg5 Rd5+ 37. Kg6 Rd6+ 38. Kg7 Qf6+ 39. Kg8 Qxe7 40. Qf7 Rd8+ 41. Kg7 Qe5+ 42. Qf6 Rg8+ 43. Kxg8 Qxf6 44. Rh8 Qg6+ 45. Kf8 Kd7 46. g5 Qe8+ 47. Kg7 Qe5+ 48. Kh7 Qxg5 49. Rb8 Kc6 50. Rg8 Qh5+ 51. Kg7 Qe2 52. b4 Qe5+ 53. Kf7 Qxc3 54. Ke7 Qxb4+ 55. Kd8 Qd6+ 0-1

[Event "RUS Central Region-ch"]
[Site "Tula "]
[Date "2007.03.25"]
[Round "9"]
[White "Savosto, Petr"]
[Black "Sviridov, Vladislav"]
[Result "1-0"]
[WhiteElo "2314"]
[BlackElo "2195"]
[PlyCount "41"]
[EventDate "2007.03.17"]
[EventType "swiss"]
[EventRounds "9"]
[EventCountry "RUS"]
[SourceTitle "EXT 2008"]
[Source "ChessBase"]
[SourceDate "2007.11.25"]
[SourceVersion "1"]
[SourceVersionDate "2007.11.25"]
[SourceQuality "1"]

1. d4 d5 2. Nc3 Nf6 3. Bg5 e6 4. e4 Be7 5. e5 Nfd7 6. h4 Bxg5 7. hxg5 Qxg5 8. Nh3 Qe7 9. Nf4 Nc6 10. Qg4 f5 11. Qh5+ Qf7 12. Nxe6 g6 13. Nxc7+ Kd8 14. Qh2 Nxd4 15. 0-0-0 Ne6 16. Nxa8 d4 17. Nb5 b6 18. Bc4 Qe7 19. Bxe6 Qxe6 20. Nac7 Qxa2 21. Qh4+ 1-0

[Event "RUS Central Region-ch"]
[Site "Tula "]
[Date "2007.03.19"]
[Round "3"]
[White "Solovyov, Sergey V"]
[Black "Savosto, Petr"]
[Result "0-1"]
[WhiteElo "2069"]
[BlackElo "2314"]
[PlyCount "103"]
[EventDate "2007.03.17"]
[EventType "swiss"]
[EventRounds "9"]
[EventCountry "RUS"]
[SourceTitle "EXT 2008"]
[Source "ChessBase"]
[SourceDate "2007.11.25"]
[SourceVersion "1"]
[SourceVersionDate "2007.11.25"]
[SourceQuality "1"]

1. d4 d5 2. c4 Nc6 3. Nc3 dxc4 4. Nf3 Nf6 5. Bg5 Qd6 6. e3 Qb4 7. Qd2 Bf5 8. Bxf6 gxf6 9. Nd5 Qxd2+ 10. Nxd2 0-0-0 11. Bxc4 Na5 12. Nc3 Nxc4 13. Nxc4 Bd3 14. Nd2 Rg8 15. Rg1 e5 16. Nf3 e4 17. Nd2 f5 18. g3 Rg6 19. f4 Rb6 20. Nb3 Bc2 21. Kd2 Bxb3 22. axb3 a6 23. Kc2 c5 24. d5 Bg7 25. Ra5 Bf8 26. Rg2 Rg6 27. Rd2 b5 28. Ra1 Kb7 29. Rad1 Bd6 30. Ne2 Bc7 31. Nc3 h5 32. Rg2 Ba5 33. Rgd2 Rgd6 34. Kc1 Kb6 35. Kc2 Bb4 36. Kc1 a5 37. Kc2 R8d7 38. Kc1 Bxc3 39. bxc3 c4 40. bxc4 bxc4 41. Kb2 Kc5 42. Ka3 Rb7 43. Ka4 Rb3 44. Rc2 Rxd5 45. Rxd5+ Kxd5 46. Kxa5 Kc6 47. Rc1 Kc5 48. Ka4 Rb2 49. Ka3 Re2 50. g4 fxg4 51. Rb1 Rxe3 52. f5 0-1

[Event "RUS Central Region-ch"]
[Site "Tula "]
[Date "2007.03.18"]
[Round "2"]
[White "Savosto, Petr"]
[Black "Panchenko, Dmitry"]
[Result "0-1"]
[WhiteElo "2314"]
[BlackElo "2417"]
[PlyCount "60"]
[EventDate "2007.03.17"]
[EventType "swiss"]
[EventRounds "9"]
[EventCountry "RUS"]
[SourceTitle "EXT 2008"]
[Source "ChessBase"]
[SourceDate "2007.11.25"]
[SourceVersion "1"]
[SourceVersionDate "2007.11.25"]
[SourceQuality "1"]

1. d4 d5 2. Nc3 Nf6 3. Bg5 Nbd7 4. Nf3 c6 5. Qd3 Qb6 6. 0-0-0 e6 7. e4 dxe4 8. Nxe4 Be7 9. Nxf6+ Nxf6 10. Ne5 0-0 11. Kb1 c5 12. dxc5 Qxc5 13. f4 Nd5 14. Bxe7 Qxe7 15. Qe4 Nf6 16. Qf3 Rb8 17. Bd3 Qc7 18. Qh3 g6 19. Qh6 Nd5 20. Be4 Ne3 21. Rd3 Qxc2+ 22. Ka1 Qf2 23. Rc1 b6 24. Nc6 Rb7 25. Rd8 Rxd8 26. Nxd8 Nc4 27. Rb1 Rd7 28. Nc6 Bb7 29. Bd3 Bxc6 30. Bxc4 Be4 0-1

[Event "Voronezh op-A"]
[Site "Voronezh"]
[Date "2006.06.14"]
[Round "3"]
[White "Rudnev, Yuri"]
[Black "Savosto, Petr"]
[Result "0-1"]
[WhiteElo "2142"]
[BlackElo "2286"]
[PlyCount "111"]
[EventDate "2006.06.12"]
[EventType "swiss"]
[EventRounds "9"]
[EventCountry "RUS"]
[SourceTitle "CBM 112 Extra"]
[Source "ChessBase"]
[SourceDate "2006.07.14"]
[SourceVersion "1"]
[SourceVersionDate "2006.07.14"]
[SourceQuality "1"]

1. e4 e6 2. d4 d5 3. Nc3 Nf6 4. Bg5 dxe4 5. Nxe4 Be7 6. Bxf6 Bxf6 7. Nf3 Nd7 8. c3 0-0 9. Qc2 e5 10. Be2 exd4 11. Nxf6+ Qxf6 12. Nxd4 Ne5 13. 0-0 c5 14. Nf3 Bf5 15. Qa4 Bd7 16. Qc2 Ng6 17. Ne1 Nf4 18. Bf3 Bb5 19. c4 Bc6 20. Bxc6 Qxc6 21. Nf3 Rad8 22. Rfd1 g6 23. Rd2 Rfe8 24. Rad1 Rxd2 25. Qxd2 Qf6 26. g3 Ne6 27. Qe2 Ng7 28. Qd3 Qxb2 29. Rb1 Qxa2 30. Rxb7 Qa1+ 31. Kg2 Qf6 32. Rxa7 Ne6 33. Qe3 Re7 34. Rxe7 Qxe7 35. Qe4 Kg7 36. h4 h6 37. Qd5 Nc7 38. Qe5+ Qxe5 39. Nxe5 Ne6 40. Kf3 f5 41. Ke3 Kf6 42. f4 g5 43. hxg5+ hxg5 44. Nf3 g4 45. Ne5 Ke7 46. Kd3 Ng7 47. Ke3 Nh5 48. Kf2 Nf6 49. Ke3 Ke6 50. Kf2 Ne4+ 51. Kg2 Kd6 52. Nf7+ Kc6 53. Nh6 Nd6 54. Kf1 Kd7 55. Ke2 Ke7 56. Kd3 0-1

[Event "Voronezh op-A"]
[Site "Voronezh"]
[Date "2006.06.12"]
[Round "1"]
[White "Vorobiov, Evgeny E"]
[Black "Savosto, Petr"]
[Result "1-0"]
[WhiteElo "2540"]
[BlackElo "2286"]
[PlyCount "55"]
[EventDate "2006.06.12"]
[EventType "swiss"]
[EventRounds "9"]
[EventCountry "RUS"]
[SourceTitle "CBM 112 Extra"]
[Source "ChessBase"]
[SourceDate "2006.07.14"]
[SourceVersion "1"]
[SourceVersionDate "2006.07.14"]
[SourceQuality "1"]

1. e4 e6 2. d3 d5 3. Nd2 Nf6 4. e5 Nfd7 5. f4 f6 6. Ndf3 c5 7. exf6 Qxf6 8. Nh3 Bd6 9. g3 e5 10. Bg2 0-0 11. 0-0 exf4 12. Bxf4 Bxf4 13. Nxf4 Nb6 14. a4 a5 15. c3 Na6 16. Qb3 Nc7 17. d4 c4 18. Qa3 Bf5 19. Ne5 Qd8 20. Rf2 g5 21. Raf1 gxf4 22. Rxf4 Qg5 23. Qd6 Qd8 24. Qxb6 Rf6 25. Rg4+ Kh8 26. Rxf5 Rxf5 27. Qh6 Qf6 28. Ng6+ 1-0